|
|
|
|
| LEADER |
00000nam0a2200000 4500 |
| 001 |
182880 |
| 005 |
20231101223725.0 |
| 010 |
|
|
|a 9785498078083
|b 4000 экз.
|
| 021 |
|
|
|a RU
|b 05-58650
|9 05-2868
|
| 035 |
|
|
|a (RuTPU)RU\TPU\book\198249
|
| 035 |
|
|
|a RU\TPU\book\146948
|
| 035 |
|
|
|a RU\TPU\book\97262
|
| 035 |
|
|
|a RU\TPU\book\170076
|
| 090 |
|
|
|a 182880
|
| 100 |
|
|
|a 20090331d2010 km y0rusy5002 ca
|
| 101 |
0 |
|
|a rus
|
| 102 |
|
|
|a RU
|
| 105 |
|
|
|a a z 001zy
|
| 200 |
1 |
|
|a Копирайтинг. Секреты составления рекламных и PR-текстов
|f К. А. Иванова
|
| 205 |
|
|
|a 3-е изд., обновл. и доп.
|
| 210 |
|
|
|a СПб.
|c Питер
|d 2010
|
| 215 |
|
|
|a 176 с.
|c ил.
|
| 225 |
1 |
|
|a Маркетинг для профессионалов
|
| 320 |
|
|
|a Библиогр.: с. 156-157.
|
| 330 |
|
|
|a В третьем издании бестселлера представлен теоретический и практический материал по технологиям связей с общественностью. Рекомендуется тем, кто только вступает на путь пиарщика, а также тем, кто уже профессионально занимается связями с общественностью. Предлагаемая книга станет прекрасным помощником в повседневной работе. Даны описания структуры, форм и алгоритмов составления всех основных видов PR-материалов, создание которых и является обязанностью PR-специалиста. Третье издание дополнено материалом об Интернете как о мощном и специфичном средстве массовой коммуникации, подробно рассмотрены вопросы медиа-планирования, обновлены все примеры и данные. Рекомендуется специалистам по рекламе и PR, маркетологам.
|
| 451 |
|
1 |
|0 (RuTPU)RU\TPU\book\146948
|y 978-5-469-01108-8
|t Копирайтинг. Секреты составления рекламных и PR-текстов
|f К. А. Иванова
|e 2-е изд.
|c СПб. [и др.]
|n Питер
|d 2008
|p 158 с.
|s Маркетинг для профессионалов
|a Иванова, Кира Алексеевна
|
| 606 |
1 |
|
|a Реклама
|2 stltpush
|3 (RuTPU)RU\TPU\subj\24860
|9 49135
|
| 606 |
1 |
|
|a Паблик Рилейшнз (ПР)
|2 stltpush
|3 (RuTPU)RU\TPU\subj\27914
|9 51569
|
| 610 |
1 |
|
|a язык
|
| 610 |
1 |
|
|a рекламные тексты
|
| 610 |
1 |
|
|a PR-тексты
|
| 610 |
1 |
|
|a копирайтинг
|
| 610 |
1 |
|
|a письменные коммуникации
|
| 610 |
1 |
|
|a медиапланы
|
| 610 |
1 |
|
|a пресс-релиз
|
| 610 |
1 |
|
|a письма
|
| 610 |
1 |
|
|a связи с общественностью
|
| 610 |
1 |
|
|a медиа-планы
|
| 610 |
1 |
|
|a медиа-карты
|
| 610 |
1 |
|
|a пресс-дайджесты
|
| 610 |
1 |
|
|a бэкграундер
|
| 610 |
1 |
|
|a факт-листы
|
| 610 |
1 |
|
|a пресс-кит
|
| 610 |
1 |
|
|a слоганы
|
| 610 |
1 |
|
|a логотипы
|
| 610 |
1 |
|
|a девизы
|
| 610 |
1 |
|
|a рекламные стили
|
| 610 |
1 |
|
|a Афинский кодекс
|
| 610 |
1 |
|
|a кодексы
|
| 610 |
1 |
|
|a Американская ассоциация по связям с общественностью
|
| 675 |
|
|
|a 659
|v 3
|z rus
|
| 675 |
|
|
|a 659.4
|v 3
|z rus
|
| 700 |
|
1 |
|a Иванова
|b К. А.
|g Кира Алексеевна
|4 070
|
| 801 |
|
1 |
|a RU
|b 63413507
|c 20100628
|
| 801 |
|
2 |
|a RU
|b 63413507
|c 20150707
|g RCR
|
| 942 |
|
|
|c BK
|
| 959 |
|
|
|a 46/20100628
|d 2
|e 86,00
|f ЧЗГЛ:1
|f АНЛ:1
|